Clowes Developments (UK) Ltd v Mulchinock (Record no. 52534)

MARC details
000 -LEADER
fixed length control field 01563cab a2200229 4500
001 - CONTROL NUMBER
control field X88800
008 - FIXED-LENGTH DATA ELEMENTS--GENERAL INFORMATION
fixed length control field 090401t1998 xxu||||| |||| 00| 0 eng d
035 ## - SYSTEM CONTROL NUMBER
System control number (Sirsi) u83192
041 ## - LANGUAGE CODE
Language code of text/sound track or separate title eng
245 ## - TITLE STATEMENT
Title Clowes Developments (UK) Ltd v Mulchinock
260 ## - PUBLICATION, DISTRIBUTION, ETC.
Date of publication, distribution, etc. 1998
350 ## - PRICE (NR) (BK AM CF MU VM SE) [OBSOLETE]
Price 0
490 ## - SERIES STATEMENT
Series statement Weekly Law Reports
Volume/sequential designation [1998] 1 WLR 42-52(11)
520 ## - SUMMARY, ETC.
Summary, etc. ChD 26 March 1997. The plaintiff entered into a contract for sale to the defendant of a plot of land on a small estate and for the erection of a dwelling-house on the plot. The contract provided that the transaction was to be legally completed within 14 days of notice being given to the defendant`s solicitors that the dwelling-house was substantially completed. The draft transfer annexed to the contract contained a covenant by the plaintiff that the road abutting on the plot would be left in a state fit to be taken over by the local authority as a highway. The defendant became dissatisfied with the lack of progress and registered a caution to protect his interests. The defendant also learnt that the plaintiff did not own the land necessary to provide visibility splays required by the highway authority. The defendant failed to comply with notices to complete and served on the plaintiff a notice to complete a reduced price to compensate. Motion to vacate caution. Held.
650 ## - SUBJECT ADDED ENTRY--TOPICAL TERM
Topical term or geographic name entry element CAUTION
650 ## - SUBJECT ADDED ENTRY--TOPICAL TERM
Topical term or geographic name entry element CONTRACT FOR SALE
650 ## - SUBJECT ADDED ENTRY--TOPICAL TERM
Topical term or geographic name entry element FAILURE TO COMPLETE
650 ## - SUBJECT ADDED ENTRY--TOPICAL TERM
Topical term or geographic name entry element NOTICE TO COMPLETE
690 ## - LOCAL SUBJECT ADDED ENTRY--TOPICAL TERM (OCLC, RLIN)
Topical term or geographic name as entry element PROPERTY LAW AND PRACTICE-CASE LAW
942 ## - ADDED ENTRY ELEMENTS (KOHA)
Suppress in OPAC 0
948 ## - LOCAL PROCESSING INFORMATION (OCLC); SERIES PART DESIGNATOR (RLIN)
c (OCLC) 20/01/1998
Holdings
Withdrawn status Lost status Source of classification or shelving scheme Damaged status Not for loan Home library Current library Shelving location Date acquired Total Checkouts Full call number Barcode Date last seen Copy number Price effective from Koha item type
    Dewey Decimal Classification     London London Journal article 14/09/1999   X88800 83192-1001 06/08/2019 1 06/08/2019 Law report